Quanti paesi...? - Statistics

Statistiche generali
  • Questo quiz è stato fatto 23 volte
    15 dall'ultimo reset
  • Il punteggio medio è 18 su 70
Statistiche sulle risposte
Hint Risposta % Corretto
...sudamericani hanno vinto la Coppa del mondo di calcio 3
64%
...iniziano con la lettera X 0
57%
...hanno più di un miliardo di abitanti 2
57%
...iniziano con la lettera O 1
50%
...confinano solo con l'Italia 2
50%
...hanno meno di 10 000 abitanti 3
50%
...sudamericani mai qualificati ai Mondiali di calcio 3
50%
...americani attraversati dall'equatore 3
50%
...sono chiamati baltici 3
50%
...sono più piccoli della Città del Vaticano 0
43%
...confinano con il Giappone 0
43%
...oceaniani sono senza sbocco sul mare 0
43%
...hanno la capitale che inizia con la lettera Z 1
43%
...hanno ospitato le Olimpiadi estive almeno 4 volte 1
43%
...sono governati da un imperatore 1
43%
...sudamericani non hanno sbocco sul mare 2
43%
...sono più grandi della Cina 3
43%
...confinano con l'Indonesia 3
43%
...europei non hanno fiumi 3
43%
...hanno più siti UNESCO dell'Italia 0
36%
...europei confinano con il Brasile 1
36%
...hanno lasciato l'Unione Europea dalla sua fondazione 1
36%
...dell'Unione Europea confinano con il Regno Unito 1
36%
...condividono la sommità del monte K2 2
36%
...americani fanno parte della NATO 2
36%
...europei iniziano con la lettera I 3
36%
...sudamericani sono monarchie 0
29%
...hanno una spesa militare superiore a quella degli Stati Uniti 0
29%
...europei hanno più abitanti del Bangladesh 0
29%
...esportano più merci della Cina 0
29%
...iniziano con la lettera D 2
29%
...hanno la capitale che inizia con la lettera y 2
29%
...hanno più immigrati della Germania 2
29%
...fanno parte del Benelux 3
29%
...africani hanno più abitanti degli Stati Uniti 0
21%
...hanno la capitale che inizia con la lettera E 1
21%
...sudamericani hanno più abitanti della Russia 1
21%
...hanno più milionari della popolazione dei Paesi Bassi 1
21%
...non hanno una bandiera rettangolare 1
21%
...hanno 3 capitali 1
21%
...hanno più musulmani dell'India 2
21%
...hanno un'arma sulla propria bandiera 2
21%
...hanno una rete ferroviaria maggiore della distanza Terra-Luna 0
14%
...hanno vinto almeno 500 medaglie d'oro ai Giochi Olimpici invernali 0
14%
...hanno un grattacielo più alto di un km 0
14%
...hanno una superficie maggiore di Plutone 1
14%
...hanno più di 10 milioni di morti all'anno 1
14%
...producono più petrolio dell'Arabia Saudita 1
14%
...hanno meno km di coste della Bosnia-Erzegovina 2
14%
...oceaniani hanno più abitanti della Nuova Zelanda 2
14%
...emettono più CO2 dell'India 2
14%
...hanno la capitale sotto il livello del mare 2
14%
...africani sono monarchie 3
14%
...si trovano più a nord della Norvegia 3
14%
...si trovano sull'isole del Borneo 3
14%
...hanno la capitale con meno di 1 000 abitanti 3
14%
...hanno più di 1000 miliardari 0
7%
...europei sono teocrazie 1
7%
...hanno una densità di popolazione maggiore di New York 1
7%
...applicano la pena di morte in Europa 1
7%
...hanno più cristiani del Brasile 1
7%
...confinano con la Danimarca 2
7%
...hanno un'estensione costiera maggiore dell'equatore 2
7%
...hanno più cristiani del Messico 2
7%
...hanno una bandiera quadrata 2
7%
...hanno aderito all'ONU negli ultimi 20 anni 2
7%
...africani sono più grandi della Groenlandia 2
7%
...europei sono repubbliche presidenziali 0
0%
...sono attraversati sia dall'equatore che dal Meridiano di Greenwich 0
0%
...si trovano più a sud dell'Australia 2
0%
Nessun quiz corrispondente trovato
Distribuzione punteggi
Percentuale di utenti per punteggio
Percentile per numero di risposta
I tuoi punteggi nel tempo
Non hai fatto questo quiz dall'ultimo reset